Normal view
MARC view
- Martínez, Rocío,
Entry Nombre Personal
001 - NUMERO DE CONTROL
- campo de control: 35791
003 - IDENTIFICADOR DE NUMERO DE CONTROL
- campo de control: UPN
005 - FECHA Y HORA DE LA ÜLTIMA TRANSACCIÓN
- campo de control: 20210219194507.0
008 - DATOS DE LONGITUD FIJA
- campo de control de longitud fija: nabaccnnaabn|||||||||| b |nc|||||d
035 ## - NUMERO DE CONTROL
- Número de control: UPN11000007898
040 ## - FUENTE DE CATALOGACIÓN
- Lenguaje de catalogación: SPA
- Agencia de transcripción: UPN
100 1# - ENCABEZAMIENTO - NOMBRE PERSONAL
- Nombre personal: Martínez, Rocío,
- Fechas asociadas con el nombre: 1966-
670 ## - FUENTE EN LA QUE SE LOCALIZARON DATOS
- Cita de la fuente: T
- Uniform Resource Identifier: http://www.rociomartinez.es/biografia.html
680 ## - NOTA PUBLICA DE ACCESO PÚBLICO
- Frase explicativa de la referencia: Escritora e ilustradora española. Licenciada en Bellas Artes. Se dedica profesionalmente a la ilustración de libros infantiles y juveniles. Desde 1999 publica también como autora
902 ## - CATALOGADOR
- Catalogador: MITM/150914
